000 01379nam a2200313 i 4500
001 bg
245 1 0 _aGmina pasywna =
_b(Passive local government) /
_cpod red. Wojciecha Dziemianowicza, Pawła Swianiewicza ; Polska Akademia Nauk. Komitet Przestrzennego Zagospodarowania Kraju.
246 _iTyt. równol. :
_aPassive local government
260 _aWarszawa :
_bKomitet Przestrzennego Zagospodarowania Kraju PAN,
_c2007.
300 _a194 s. :
_bmapy, wykr. ;
_c24 cm.
490 1 _aStudia / Polska Akademia Nauk. Komitet Przestrzennego Zagospodarowania Kraju ;
_vT. 117
500 _aNa s. red. błędny ISSN 0079-3439.
504 _aBibliogr. s. 168-175.
650 9 _aSamorząd gminny
_xfinanse
650 9 _aBudżety terenowe
_zPolska
_yod 1989 r.
650 9 _aFundusze strukturalne UE
_zPolska
700 1 _aDziemianowicz, Wojciech
_d(1970- ).
_eRed.
700 1 _aSwianiewicz, Paweł
_d(1961- ).
_eRed.
830 0 _aStudia (Polska Akademia Nauk. Komitet Przestrzennego Zagospodarowania Kraju),
_x0079-3507 ;
_vt. 117
020 _a9788389693884
022 _a0079-3493
040 _cBPK
041 0 _apol
_beng
044 _aPOL
080 _a352:336.1:332.1](438)"1989/...":339.7(4-67)"1989/..."
942 _cKS
008 s pl f |000 0 pol
999 _c54649
_d54649
856 _uhttp://koha.tu.koszalin.pl/cgi-bin/koha/opac-detail.pl?biblionumber=54649
_yKatalog online BPK